[Event "Val Thorens op 34th"]
[Site "Val Thorens"]
[Date "2008.07.19"]
[Round "1"]
[White "Charrier, Jean Claude"]
[Black "Rymskyy, Aleksander"]
[Result "0-1"]
[WhiteElo "1799"]
[BlackElo "2151"]
[PlyCount "46"]
[EventDate "2008.07.19"]
[EventType "swiss"]
[EventRounds "9"]
[EventCountry "FRA"]
[SourceTitle "EXT 2009"]
[Source "ChessBase"]
[SourceDate "2008.11.26"]
[SourceVersion "1"]
[SourceVersionDate "2008.11.26"]
[SourceQuality "1"]

1. d4 Nf6 2. Nf3 g6 3. c4 Bg7 4. Nc3 0-0 5. e3 d6 6. Be2 Nbd7 7. 0-0 e5 8. b3 Re8 9. dxe5 dxe5 10. Bb2 e4 11. Nd2 Qe7 12. Re1 Nf8 13. Nf1 c6 14. Qc2 h5 15. Rac1 h4 16. Red1 h3 17. g3 N8h7 18. Nb1 Ng4 19. Nbd2 Ng5 20. Bxg7 Kxg7 21. Qc3+ Kg8 22. Re1 Ne5 23. f4 exf3 0-1

[Event "Geller Memorial op-A 3rd"]
[Site "Odessa"]
[Date "2007.09.08"]
[Round "1"]
[White "Rymskyy, Aleksander"]
[Black "Zavgorodniy, Sergiy"]
[Result "1/2-1/2"]
[WhiteElo "2098"]
[BlackElo "2422"]
[PlyCount "67"]
[EventDate "2007.09.08"]
[EventType "swiss"]
[EventRounds "9"]
[EventCountry "UKR"]
[SourceTitle "CBM 120 Extra"]
[Source "ChessBase"]
[SourceDate "2007.11.01"]
[SourceVersion "1"]
[SourceVersionDate "2007.11.01"]
[SourceQuality "1"]

1. e4 e5 2. Nf3 d6 3. d4 exd4 4. Nxd4 Nf6 5. Nc3 Be7 6. Bc4 c6 7. a4 0-0 8. Bb3 Na6 9. 0-0 Nc5 10. Re1 Nxb3 11. Nxb3 Nd7 12. Bf4 Ne5 13. Nd4 Bf6 14. b3 Re8 15. Qd2 Qb6 16. Rad1 Bg4 17. Nce2 Rad8 18. Be3 Qc7 19. f3 Bc8 20. Nf4 g6 21. Qf2 b6 22. Re2 Bg7 23. Red2 Bb7 24. c4 Qe7 25. Ra2 d5 26. cxd5 cxd5 27. Nxd5 Bxd5 28. exd5 Rxd5 29. Rad2 Qb4 30. h3 Qc3 31. Nb5 Rxd2 32. Nxc3 Rxf2 33. Kxf2 Nc6 34. Nb5 1/2-1/2

[Event "Mysliborz op 2nd"]
[Site "Mysliborz"]
[Date "2007.06.13"]
[Round "4"]
[White "Rymskyy, Aleksander"]
[Black "Cherednichenko, Svetlana"]
[Result "1-0"]
[WhiteElo "2093"]
[BlackElo "2280"]
[PlyCount "53"]
[EventDate "2007.06.11"]
[EventType "swiss"]
[EventRounds "7"]
[EventCountry "POL"]
[SourceTitle "EXT 2009"]
[Source "ChessBase"]
[SourceDate "2008.11.26"]
[SourceVersion "1"]
[SourceVersionDate "2008.11.26"]
[SourceQuality "1"]

1. e4 e6 2. d3 d5 3. Nd2 Nf6 4. Ngf3 c5 5. g3 b6 6. Bg2 Bb7 7. 0-0 Nc6 8. Re1 Be7 9. Qe2 0-0 10. e5 Nd7 11. Nf1 d4 12. h4 Qc7 13. Bf4 Rae8 14. N1h2 b5 15. Ng5 Bxg5 16. hxg5 Nb4 17. Bxb7 Qxb7 18. a3 Nd5 19. Bd2 Rc8 20. Qh5 Rfd8 21. Re4 Nf8 22. Ng4 Ne7 23. Nf6+ gxf6 24. gxf6 Rd5 25. g4 Nf5 26. gxf5 exf5 27. Qg5+ 1-0

[Event "Lasker Memorial op-A 15th"]
[Site "Barlinek"]
[Date "2007.06.10"]
[Round "10"]
[White "Rymskyy, Aleksander"]
[Black "Demidowicz, Maria"]
[Result "1-0"]
[WhiteElo "2093"]
[BlackElo "1982"]
[PlyCount "69"]
[EventDate "2007.06.02"]
[EventType "swiss"]
[EventRounds "10"]
[EventCountry "POL"]
[SourceTitle "CBM 118 Extra"]
[Source "ChessBase"]
[SourceDate "2007.07.04"]
[SourceVersion "1"]
[SourceVersionDate "2007.07.04"]
[SourceQuality "1"]

1. e4 e5 2. Nf3 Nc6 3. d4 exd4 4. Nxd4 Bc5 5. Be3 Qf6 6. Nb5 Bxe3 7. fxe3 Qh4+ 8. g3 Qd8 9. Qg4 g6 10. Qf4 d6 11. Bc4 Ne5 12. 0-0 Qe7 13. N1c3 g5 14. Qf2 c6 15. Bxf7+ Kf8 16. Bb3+ Kg7 17. Nd4 g4 18. Qf4 h5 19. Rf2 Bd7 20. Raf1 Nh6 21. Nf5+ Nxf5 22. exf5 Nf3+ 23. Rxf3 gxf3 24. Rxf3 Raf8 25. e4 d5 26. g4 Rhg8 27. g5 Kh8 28. f6 Qc5+ 29. Kh1 Bg4 30. Rg3 Rg6 31. e5 b5 32. h3 Be6 33. Qh4 Bf5 34. Qxh5+ Kg8 35. Rf3 1-0

[Event "Lasker Memorial op-A 15th"]
[Site "Barlinek"]
[Date "2007.06.04"]
[Round "3"]
[White "Ogonowska, Katarzyna"]
[Black "Rymskyy, Aleksander"]
[Result "1-0"]
[WhiteElo "1887"]
[BlackElo "2093"]
[PlyCount "169"]
[EventDate "2007.06.02"]
[EventType "swiss"]
[EventRounds "10"]
[EventCountry "POL"]
[SourceTitle "CBM 118 Extra"]
[Source "ChessBase"]
[SourceDate "2007.07.04"]
[SourceVersion "1"]
[SourceVersionDate "2007.07.04"]
[SourceQuality "1"]

1. e4 c5 2. Nf3 d6 3. d4 cxd4 4. Nxd4 Nf6 5. Nc3 g6 6. Be3 Bg7 7. f3 0-0 8. Qd2 Nc6 9. Bc4 Bd7 10. 0-0-0 b5 11. Bxb5 Ne5 12. Be2 Qb8 13. Ba6 Rc8 14. Qe2 Rc7 15. Nb3 Bc8 16. Bd3 a5 17. a4 Be6 18. Nd4 Bc4 19. Bxc4 Nxc4 20. Ndb5 Nxe3 21. Qxe3 Rc5 22. Kd2 Rh5 23. Ke2 d5 24. Kf2 Bh6 25. Qd3 dxe4 26. Nxe4 Nd5 27. g3 Qb6+ 28. Ke2 Rd8 29. Ke1 Rc8 30. c3 Ne3 31. Rd2 Rd5 32. Qe2 Rcd8 33. f4 Qe6 34. Rxd5 Qxd5 35. Nf2 Nf5 36. Rg1 e5 37. Ng4 Bg7 38. fxe5 Qc5 39. Rh1 h5 40. Nf2 Bh6 41. Ne4 Qxe5 42. Rf1 Ne3 43. Nf6+ Kg7 44. Nd4 Bg5 45. Rf3 Bxf6 46. Rxe3 Qd5 47. Nf3 Qb3 48. Re4 Rb8 49. Nd4 Qxb2 50. Qxb2 Rxb2 51. Ne2 Rb3 52. Kd2 Ra3 53. h4 Kf8 54. Kd3 Be7 55. Nf4 Bd6 56. Ne2 Ra2 57. Rd4 Ke7 58. Re4+ Kd7 59. Rc4 Ke6 60. Nf4+ Bxf4 61. Rxf4 f5 62. Ke3 Kd5 63. Rd4+ Kc5 64. Rf4 Rg2 65. Rf3 Kc4 66. Kf4 Rc2 67. Kg5 Rxc3 68. Rf4+ Kd5 69. Kxg6 Rxg3+ 70. Kxf5 Kc5 71. Re4 Rb3 72. Kg5 Kd5 73. Rf4 Rb4 74. Rf5+ Kc6 75. Rxa5 Rd4 76. Kxh5 Kb6 77. Rb5+ Kc6 78. Ra5 Kb6 79. Rf5 Rxa4 80. Kg5 Kc7 81. h5 Ra2 82. Kg6 Kd6 83. h6 Rg2+ 84. Rg5 Rh2 85. h7 1-0

[Event "Lasker Memorial op-A 15th"]
[Site "Barlinek"]
[Date "2007.06.03"]
[Round "2"]
[White "Rymskyy, Aleksander"]
[Black "Kowalska, Sara"]
[Result "1/2-1/2"]
[WhiteElo "2093"]
[BlackElo "1878"]
[PlyCount "122"]
[EventDate "2007.06.02"]
[EventType "swiss"]
[EventRounds "10"]
[EventCountry "POL"]
[SourceTitle "CBM 118 Extra"]
[Source "ChessBase"]
[SourceDate "2007.07.04"]
[SourceVersion "1"]
[SourceVersionDate "2007.07.04"]
[SourceQuality "1"]

1. e4 e5 2. Nf3 Nc6 3. d4 exd4 4. c3 dxc3 5. Bc4 d6 6. Qb3 Qe7 7. Nxc3 Nf6 8. Bg5 h6 9. Nd5 Qxe4+ 10. Kf1 Qg6 11. Bxf6 gxf6 12. Nxc7+ Kd8 13. Bxf7 Qg4 14. Nxa8 Qd7 15. Re1 Be7 16. Be6 Qe8 17. Bxc8 Kxc8 18. Qe6+ Kb8 19. Nd4 Nxd4 20. Qxe7 Qb5+ 21. Re2 Kxa8 22. a4 Qc4 23. b3 Qa6 24. f3 Rc8 25. Kf2 Qxe2+ 26. Qxe2 Nxe2 27. Kxe2 Rc2+ 28. Ke3 Rxg2 29. Rd1 Rxh2 30. Rxd6 Kb8 31. Rxf6 Rb2 32. Rxh6 Rxb3+ 33. Kf2 Rb4 34. a5 Rb5 35. a6 Rb6 36. Rh8+ Kc7 37. axb7 Rxb7 38. f4 Rb6 39. Rh7+ Kd8 40. Rxa7 Ke8 41. Kf3 Kf8 42. Kg4 Rc6 43. Kg5 Rb6 44. f5 Rc6 45. Rd7 Rb6 46. Rd5 Rc6 47. Re5 Rb6 48. Re4 Rc6 49. Rg4 Kf7 50. Kh5 Rb6 51. Kg5 Rc6 52. Rh4 Rb6 53. Rh7+ Kf8 54. f6 Rb1 55. Rh5 Rg1+ 56. Kf5 Rf1+ 57. Ke6 Re1+ 58. Kd6 Rd1+ 59. Rd5 Rxd5+ 60. Kxd5 Kf7 61. Ke5 Kf8 1/2-1/2

[Event "UKR-ch sf U20"]
[Site "Lvov"]
[Date "2006.12.23"]
[Round "8"]
[White "Rymskyy, Aleksander"]
[Black "Loy, Konstantin"]
[Result "1/2-1/2"]
[WhiteElo "2084"]
[BlackElo "1962"]
[PlyCount "52"]
[EventDate "2006.12.16"]
[EventType "swiss"]
[EventRounds "9"]
[EventCountry "UKR"]
[SourceTitle "EXT 2023"]
[Source "ChessBase"]
[SourceDate "2022.10.05"]
[SourceVersion "1"]
[SourceVersionDate "2022.10.05"]
[SourceQuality "1"]

1. e4 c5 2. c3 Nf6 3. e5 Nd5 4. d4 cxd4 5. Nf3 Nc6 6. Bc4 e6 7. cxd4 d6 8. 0-0 Be7 9. Qe2 0-0 10. Nc3 Nxc3 11. bxc3 dxe5 12. dxe5 Qc7 13. Qe4 b6 14. Bd3 g6 15. Bg5 Bxg5 16. Nxg5 Bb7 17. Qh4 h5 18. f4 Rfd8 19. Bxg6 fxg6 20. Nxe6 Qe7 21. Qxe7 Nxe7 22. Nxd8 Rxd8 23. Rad1 Rxd1 24. Rxd1 Bd5 25. g3 Kf7 26. Kf2 Ke6 1/2-1/2

[Event "UKR-ch sf U20"]
[Site "Lvov"]
[Date "2006.12.16"]
[Round "1"]
[White "Lots, Stepan"]
[Black "Rymskyy, Aleksander"]
[Result "1-0"]
[WhiteElo "2346"]
[BlackElo "2084"]
[PlyCount "65"]
[EventDate "2006.12.16"]
[EventType "swiss"]
[EventRounds "9"]
[EventCountry "UKR"]
[SourceTitle "EXT 2023"]
[Source "ChessBase"]
[SourceDate "2022.10.05"]
[SourceVersion "1"]
[SourceVersionDate "2022.10.05"]
[SourceQuality "1"]

1. e4 c5 2. Nc3 Nc6 3. g3 g6 4. Bg2 Bg7 5. d3 e6 6. Be3 d6 7. Qd2 Rb8 8. Nge2 Nd4 9. 0-0 Ne7 10. Nd1 Nxe2+ 11. Qxe2 0-0 12. Qd2 Nc6 13. Bh6 b5 14. Bxg7 Kxg7 15. Ne3 e5 16. f4 f6 17. Rf2 Rb7 18. Raf1 Rbf7 19. h4 Ne7 20. h5 g5 21. h6+ Kg8 22. Qe2 gxf4 23. gxf4 Ng6 24. Nd5 f5 25. Qh5 exf4 26. Nxf4 Qh4 27. Qxh4 Nxh4 28. Nh5 fxe4 29. Rxf7 Rxf7 30. Nf6+ Kh8 31. Bxe4 Bf5 32. Ne8 Kg8 33. Bd5 1-0

[Event "Rodatychi op"]
[Site "Rodatychi"]
[Date "2006.09.01"]
[Round "9"]
[White "Rymskyy, Aleksander"]
[Black "Kutsykh, Mikle"]
[Result "1-0"]
[WhiteElo "2084"]
[BlackElo "2201"]
[PlyCount "45"]
[EventDate "2006.08.27"]
[EventType "swiss"]
[EventRounds "9"]
[EventCountry "UKR"]
[SourceTitle "EXT 2008"]
[Source "ChessBase"]
[SourceDate "2007.11.25"]
[SourceVersion "1"]
[SourceVersionDate "2007.11.25"]
[SourceQuality "1"]

1. e4 e5 2. Nf3 Nc6 3. d4 exd4 4. Nxd4 Nf6 5. Nxc6 bxc6 6. Bd3 d5 7. e5 Ng4 8. 0-0 Bc5 9. Qe2 Qh4 10. h3 h5 11. Nd2 Nh6 12. Nf3 Qe7 13. Bg5 Qe6 14. c3 Nf5 15. b4 Bb6 16. Kh2 Bd7 17. Nh4 Nxh4 18. Bxh4 c5 19. bxc5 Bxc5 20. f4 f5 21. exf6 Qxe2 22. fxg7 Rg8 23. Bg6# 1-0

[Event "KPZS-ch"]
[Site "Poland"]
[Date "2005.06.28"]
[Round "6"]
[White "Bursa, Renata"]
[Black "Rymskyy, Aleksander"]
[Result "1/2-1/2"]
[WhiteElo "2076"]
[BlackElo "2094"]
[PlyCount "61"]
[EventDate "2005.06.25"]
[EventType "swiss"]
[EventRounds "9"]
[EventCountry "POL"]
[SourceTitle "EXT 2007"]
[Source "ChessBase"]
[SourceDate "2006.11.23"]
[SourceVersion "1"]
[SourceVersionDate "2006.11.23"]
[SourceQuality "1"]

1. d4 Nf6 2. Nf3 g6 3. c4 Bg7 4. Nc3 0-0 5. e4 d6 6. Be2 e5 7. 0-0 Nc6 8. d5 Ne7 9. b4 Nh5 10. c5 Nf4 11. Bxf4 exf4 12. Rc1 f5 13. e5 dxe5 14. Bc4 Kh8 15. Re1 e4 16. Ng5 Nxd5 17. Nxd5 Qxg5 18. Nxc7 f3 19. g3 Rb8 20. Qb3 Be5 21. Nd5 f4 22. h4 Qh5 23. Rxe4 fxg3 24. fxg3 f2+ 25. Kg2 Qf5 26. Rf4 Bxf4 27. Nxf4 Qe4+ 28. Kxf2 Rxf4+ 29. gxf4 Qxf4+ 30. Kg1 Qg4+ 31. Kf2 1/2-1/2

[Event "Kujawsko Pomorskie-ch"]
[Site "Polko near Koronowo"]
[Date "2005.06.28"]
[Round "7"]
[White "Rymskyy, Aleksander"]
[Black "Wesolowska, Edyta"]
[Result "0-1"]
[WhiteElo "2094"]
[BlackElo "1862"]
[PlyCount "110"]
[EventDate "2005.06.25"]
[EventType "swiss"]
[EventRounds "9"]
[EventCountry "POL"]
[SourceTitle "EXT 2018"]
[Source "ChessBase"]
[SourceDate "2017.10.13"]
[SourceVersion "1"]
[SourceVersionDate "2017.10.13"]
[SourceQuality "1"]

1. e4 c5 2. c3 d6 3. d4 g6 4. Bc4 e6 5. Nf3 Bg7 6. dxc5 dxc5 7. Qxd8+ Kxd8 8. Na3 a6 9. Be3 b5 10. 0-0-0+ Kc7 11. Bf4+ Kb7 12. Be2 Bh6 13. Bxh6 Nxh6 14. Rd2 Nc6 15. Rhd1 f5 16. exf5 Nxf5 17. Ng5 h6 18. Nf7 Rf8 19. Nd6+ Nxd6 20. Rxd6 Ne5 21. Rf1 Kc7 22. Rd2 Bb7 23. f4 Nc6 24. Bd3 Rf6 25. Nc2 Raf8 26. Re1 c4 27. Be4 Rxf4 28. Bxg6 Rf1 29. Rde2 Rxe1+ 30. Nxe1 Kd6 31. Nf3 Ne7 32. Be4 Bd5 33. Kd2 Rf4 34. Bxd5 Nxd5 35. Nd4 e5 36. Nc2 Rf1 37. Ne3 Nxe3 38. Kxe3 Kd5 39. Rd2+ Ke6 40. g3 Ra1 41. a3 Re1+ 42. Re2 Rb1 43. g4 Rd1 44. Rd2 Re1+ 45. Kf2 Rh1 46. Kg3 Rg1+ 47. Rg2 Rf1 48. Re2 Kd5 49. Kh4 e4 50. Kh5 Rf6 51. h4 Ke5 52. g5 hxg5 53. hxg5 Rf1 54. Rg2 Kf4 55. g6 Rh1+ 0-1

[Event "UKR-ch U18"]
[Site "Dnipropetrovsk"]
[Date "2005.03.??"]
[Round "4"]
[White "Kononenko, Dmitry1111"]
[Black "Rymskyy, Aleksander"]
[Result "1-0"]
[WhiteElo "2188"]
[BlackElo "2064"]
[PlyCount "64"]
[EventDate "2005.03.??"]
[EventType "tourn"]
[EventRounds "11"]
[EventCountry "UKR"]
[EventCategory "1"]
[SourceTitle "EXT 2006"]
[Source "ChessBase"]
[SourceDate "2005.11.24"]
[SourceVersion "1"]
[SourceVersionDate "2005.11.24"]
[SourceQuality "1"]

1. e4 c5 2. Nf3 d6 3. d4 cxd4 4. c3 Nf6 5. Qxd4 Nc6 6. Qe3 g6 7. Bc4 Bg7 8. 0-0 0-0 9. Qe2 Qc7 10. Na3 a6 11. Bf4 Nd7 12. Rad1 Nde5 13. Nxe5 Nxe5 14. Bxe5 Bxe5 15. f4 Bf6 16. f5 Rb8 17. Nc2 b5 18. Bb3 Bb7 19. Kh1 a5 20. a3 Qc5 21. Ne1 Ba6 22. Rf3 Rb6 23. Qd2 b4 24. axb4 axb4 25. Rh3 g5 26. c4 Bb7 27. Nd3 Qd4 28. Nf2 Qxb2 29. Qe3 h6 30. Qxb6 Bc3 31. Qxb7 Qxb3 32. Qxe7 Qc2 1-0